000 00536nam a22001817a 4500
999 _c17762
_d17762
008 190624b xxu||||| |||| 00| 0 eng d
020 _a0415309158
040 _aKABU
_cKABU
050 _aG155
_b.T68 2000 c. 1
245 _aTourism and sustainable community development
_cedited by Derek Hall & Greg Richards
260 _aLondonn
_bRoutledge
_c2000
300 _axviii, 314 p.
650 _aTourism
650 _aSustainable development
700 _aHall, Derek (ed.)
700 _aRichards, Greg
942 _2lcc
_cBK
_hG155